Rajnaitik tattwa (Record no. 313)

MARC details
000 -LEADER
fixed length control field 00549cam a2200217ua 4500
008 - FIXED-LENGTH DATA ELEMENTS--GENERAL INFORMATION
fixed length control field 110330n ii |||gr||||Z||||||asm
020 ## - INTERNATIONAL STANDARD BOOK NUMBER
International Standard Book Number 81-7339-025-8
040 ## - CATALOGING SOURCE
Transcribing agency MAIN
082 ## - DEWEY DECIMAL CLASSIFICATION NUMBER
Classification number 320.5
245 1# - TITLE STATEMENT
Title Rajnaitik tattwa
Statement of responsibility, etc. by Purandar Gogoi
250 ## - EDITION STATEMENT
Edition statement 7th.
260 ## - PUBLICATION, DISTRIBUTION, ETC.
Place of publication, distribution, etc. Guwahati:
Name of publisher, distributor, etc. Banalata,994.
300 ## - PHYSICAL DESCRIPTION
Extent 488p:
Dimensions 25cm.
700 ## - ADDED ENTRY--PERSONAL NAME
Personal name Gogoi, Purandar. ,
Relator term
700 ## - ADDED ENTRY--PERSONAL NAME
Personal name Chakraborty, Dilip Kumar.,
Relator term
942 ## - ADDED ENTRY ELEMENTS (KOHA)
Koha item type Books
653 ## - INDEX TERM--UNCONTROLLED
Uncontrolled term Political science
653 ## - INDEX TERM--UNCONTROLLED
Uncontrolled term Political theory
653 ## - INDEX TERM--UNCONTROLLED
Uncontrolled term rajnaitik tattwa
Holdings
Withdrawn status Lost status Damaged status Not for loan Home library Current library Shelving location Date acquired Total Checkouts Full call number Barcode Date last seen Copy number Price effective from Koha item type
        Central Library, Naharkatiya College Central Library, Naharkatiya College   19/09/2020   320.5 | GOG 915 19/09/2020 1 19/09/2020 Books

Naharkatiya College © 2020. All rights reserved.

Powered By